000 00442nam a22001217a 4500
999 _c18712
_d18712
008 210119b xxu||||| |||| 00| 0 eng d
050 _a GMB2429
_b.K85 2019 c.1
100 _aKukutia, Douglas Paul
245 _aEffects of ethical accounting practices on financial reporting
_ba survey of listed firms in Kenya
_cDouglas Paul Kukutia
260 _aKabarak, Nakuru, Kenya
_bKabarak University
_c2019
300 _a73 leaves
942 _2lcc
_cTHE